000 00716nam a22002057a 4500
003 0
005 20230907123516.0
008 230907b xxu||||| |||| 00| 0 eng d
020 _a978-1-265-79973-1
050 _aBF 176
_b.C64 2022
100 _aCohen, Ronald Jay
245 _aPsychological testing and assessment : an introduction to tests and measurement
_cRonald Jay Cohen
250 _aTenth edition
260 _aNew York City
_bMcGraw Hill, LLC
_cc2022.
300 _axxviii, 637 pages :
_bcol. ill. ;
_c25 cm.
500 _aPsychological tests--assessment.
504 _aIncludes bibliographical references, glossary, and index.
650 _aPsychological tests--assessment.
942 _2lcc
_cBK
999 _c365260
_d365260